Normal view MARC view

Entry Personal Name

Number of records used in: 1

001 - CONTROL NUMBER

  • control field: 59839

003 - CONTROL NUMBER IDENTIFIER

  • control field: dpl

005 - DATE AND TIME OF LATEST TRANSACTION

  • control field: 20231212164857.0

008 - FIXED-LENGTH DATA ELEMENTS

  • fixed length control field: 231212|| aca||aabn | a|a d

040 ## - CATALOGING SOURCE

  • Original cataloging agency: dpl
  • Transcribing agency: dpl

100 ## - HEADING--PERSONAL NAME

  • Personal name: शुक्ल,शत्रुघ्नलाल

670 ## - SOURCE DATA FOUND

  • Source citation: Work cat.: (dpl)199640: शुक्ल,शत्रुघ्नलाल , सुलभ घरेलु नुस्खे/, 2020

© Delhi Public Library
Hit Counter
free hit counter